Представление документа в формате RUSMARC

ПолеНазваниеЗначение
  Тип записи a
  Библиографический уровень m
001 Контрольный номер 7e700fcbef1a40d3a8330af5bf21c7d6
005 Дата корректировки 20201206205145.8
010 Индекс ISBN __
a ISBN 978-5-9268-2674-3 (в пер.)
d Цена 1548-33; 1421-33, 4500 экз.
100 Данные общей обработки __
a Данные общей обработки 19201810d2018||||||| 0rusy0189 ca
101 Язык документа 0_
a Язык текста rus
102 Страна публикации __
a Страна публикации ru
102 Страна публикации __
a Страна публикации ru
105 Кодированные данные (монография) __
a Кодированные данные (монография) a||||||||||zy
200 Заглавие и сведения об ответственности 1_
a Заглавие Повесть о настоящем человеке
f Первые сведения об ответственности Борис Полевой ; рисунки Николая Жукова
b Общее обозначение материала Текст
210 Выходные данные __
a Место издания Санкт-Петербург
a Место издания Москва
c Издательство Речь
d Дата издания 2018
215 Физическое описание __
a Объем 333, [2] с.
c Иллюстрации/тип воспроизводства ил., цв. ил., портр.
d Формат 27 см
225 Серия __
a Серия Серия "Классика Речи"
330 Аннотация __
a Аннотация Сюжет "Повести о настоящем человеке" основан на реальных событиях, произошедших с летчиком Алексеем Маресьевым во время Великой Отечественной войны (в фамилии своего героя писатель изменил одну букву). Самолет Маресьева, расстрелявший весь боекомплект, взяла в клещи четверка вражеских истребителей и решила вести на свой аэродром. Неожиданным маневром летчик попытался вырваться из клещей, но пулеметная очередь все же достала двигатель. Маресьев изо всех сил тянул теряющий высоту самолет к своей территории, пока не врезался в верхушки деревьев... Летчик получил тяжелейшее ранение, но все же неистово полз к своим; на девятнадцатые сутки, голодного, обмороженного, его нашли дети партизан. Потом - госпиталь, ампутация обеих ног... Но через полтора года Маресьев вновь сел за штурвал самолета, причем истребителя. Оставшись калекой, летчик все равно рвался в небо, в бой. И побеждал.
333 Примечание о целевом назначении __
a Примечание о целевом назначении 12+. Для детей старше 12 лет
600 Персоналии __
a Персоналии (Фамилия) Маресьев, А. П.
c Дополнение к имени летчик
c Дополнение к имени Герой Советского Союза
f Даты 1916-2001
g Полное имя Алексей Петрович
606 Тематические рубрики __
a Основная рубрика Художественная литература
606 Тематические рубрики __
a Основная рубрика Русская литература XX в. (произведения)
610 Ключевые слова __
a Ключевые слова биографические повести
a Ключевые слова Великая Отечественная война
a Ключевые слова летчики
a Ключевые слова персоналии
a Ключевые слова повести
a Ключевые слова советская литература
a Ключевые слова тема Великой Отечественной войны
a Ключевые слова тема войны
a Ключевые слова тема героизма
a Ключевые слова тема мужества
a Ключевые слова тема подвигов
686 Индексы других классификаций __
2 Код системы rubbks
a Классификационный индекс 84(2=411.2)6-4; ст84(2Рос=Рус)6-4
700 Автор _1
a Фамилия Полевой
b Имя Б. Н.
f Даты 1908-1981
g Полное личное имя Борис Николаевич
4 Код отношения 070
702 Вторичная интеллектуальная ответственность _1
a Фамилия Жуков
b Имя Н. Н.
4 Код отношения Иллюстратор
c Титул (звания) художник
f Даты 1908-1973
g Полное личное имя Николай Николаевич
4 Код отношения 440
801 Источник записи _2
a Страна ru
b Организация Муниципальное бюджетное учреждение культуры "Централизованная библиотечная система" г. Сургут (Центральная городская библиотека им. А. С. Пушкина)
c Дата составления 20201810
852 Данные о местонахождении __
j Шифр хранения 84(2=411.2)6-4
i Авторский знак П 49
901 Тип документа __
t Тип документа m
a Ответственный КиК/Трушникова
903 Характеристики (МАРС) __
a Дата передачи 20181004
969 Тип издания __
a Тип издания издание для детей
990 Данные о заказе (DOS) __
j Количество экземпляров (DOS) 6
t N записи в КСУ для И/У (DOS) 201810